Entrada general y Los morenos o Estreno del episodio dramático, en verso, original de Don Ananías Gómez titulado ¡Ay de mi! / (Record no. 13791)

MARC details
000 -LEADER
campo de control de longitud fija 01046nam a2200253 i 4500
001 - NÚMERO DE CONTROL
campo de control 13791
003 - IDENTIFICADOR DE NÚMERO DE CONTROL
campo de control ES-MaACL
005 - FECHA Y HORA DE LA ÚLTIMA TRANSACCIÓN
campo de control 20251115063229.0
007 - CAMPO FIJO DE DESCRIPCIÓN FÍSICA--INFORMACIÓN GENERAL
campo de control de longitud fija t|
008 - DATOS DE LONGITUD FIJA--INFORMACIÓN GENERAL
campo de control de longitud fija 980706s1995 sp ||||1| spa d
020 ## - NÚMERO INTERNACIONAL ESTÁNDAR DEL LIBRO
Número Internacional Estándar del Libro 84-86712-130
080 ## - NÚMERO DE LA CLASIFICACIÓN DECIMAL UNIVERSAL
Número de la Clasificación Decimal Universal 821.134.2-22"19"
080 ## - NÚMERO DE LA CLASIFICACIÓN DECIMAL UNIVERSAL
Número de la Clasificación Decimal Universal 821.134.2 Muñoz Seca, Pedro 1.06
100 1# - ENTRADA PRINCIPAL--NOMBRE DE PERSONA
Nombre de persona Muñoz Seca, Pedro,
Fechas asociadas al nombre 1881-1936
9 (RLIN) 84499
245 10 - MENCIÓN DEL TÍTULO
Título Entrada general y Los morenos o Estreno del episodio dramático, en verso, original de Don Ananías Gómez titulado ¡Ay de mi! /
Mención de responsabilidad, etc. Pedro Muñoz Seca ; edición de Alberto Romero Ferrer y Marieta Cantos Casenave.
260 ## - PUBLICACIÓN, DISTRIBUCIÓN, ETC.
Lugar de publicación, distribución, etc. [S.l.] :
Nombre del editor, distribuidor, etc. Fundación Pedro Muñoz Seca ;
Lugar de publicación, distribución, etc. El Puerto de Santa María :
Nombre del editor, distribuidor, etc. Hogar Sur,
Fecha de publicación, distribución, etc. 1995.
300 ## - DESCRIPCIÓN FÍSICA
Extensión 208 p. ;
Dimensiones 25 cm.
600 14 - PUNTO DE ACCESO ADICIONAL DE MATERIA--NOMBRE DE PERSONA
Nombre de persona Muñoz Seca, Pedro,
Fechas asociadas al nombre 1881-1936-
Subdivisión general Crítica e interpretación
9 (RLIN) 84500
700 1# - ENTRADA AGREGADA--NOMBRE PERSONAL
Nombre de persona Romero Ferrer, Alberto.
9 (RLIN) 99391
700 1# - ENTRADA AGREGADA--NOMBRE PERSONAL
Nombre de persona Cantos Casenave, Marieta.
9 (RLIN) 34692
710 2# - ENTRADA AGREGADA--NOMBRE DE ENTIDAD CORPORATIVA
Nombre de entidad corporativa o nombre de jurisdicción como elemento de entrada Fundación Pedro Muñoz Seca.
9 (RLIN) 4388
852 ## - LOCALIZACIÓN
Ubicación ES-MaACL
Número de control de estantería L-21190
Sublocalización o colección R.124968
Holdings
Estatus retirado Estado de pérdida Estado de daño No para préstamo Biblioteca de origen Biblioteca actual Ubicación en estantería Fecha de adquisición Fuente de adquisición Total de préstamos Signatura topográfica completa Código de barras Visto por última vez Precio de reemplazo Tipo de ítem Koha
        Biblioteca del Ateneo de Madrid Biblioteca del Ateneo de Madrid Depósito 2 17/01/2008     L-21190 1014035 23/02/2023 23/02/2023 Libro impreso